Μάρκετινγκ οίνου και αποσταγμάτων : αποτελεσματικές τεχνικές πώλησης του κρασιού
Αποθηκεύτηκε σε:
| Κύριος συγγραφέας: | |
|---|---|
| Άλλοι συγγραφείς: | , |
| Μορφή: | Βιβλίο |
| Γλώσσα: | Greek French |
| Δημοσίευση: |
Αθήνα :
Προπομπός,
c2011.
|
| Έκδοση: | 1η έκδ. |
| Θέματα: | |
| Ετικέτες: |
Προσθήκη ετικέτας
Δεν υπάρχουν, Καταχωρήστε ετικέτα πρώτοι!
|
MARC
| LEADER | 00000cam a2200000 a 4500 | ||
|---|---|---|---|
| 001 | 1/117012 | ||
| 008 | 180712s2011####gr |||||||||||||||||gre|| | ||
| 020 | |a 9789607860859 |q (χαρτόδετο) | ||
| 040 | |a GR-MyUa |b gre |c GR-MyUa |e AACR2 | ||
| 041 | 1 | |a gre |h fre | |
| 082 | 7 | |a 663.2006880 |2 (23) | |
| 082 | 7 | |a 338.4 |2 (23) | |
| 100 | 1 | |a Rouzet, Emmanuelle, |e aut | |
| 245 | 1 | 0 | |a Μάρκετινγκ οίνου και αποσταγμάτων : |b αποτελεσματικές τεχνικές πώλησης του κρασιού / |c Emmanuelle Rouzet, Gerand Seguin ; [Μετάφραση] Άννα Βουγιουκλίδου. |
| 250 | |a 1η έκδ. | ||
| 260 | |a Αθήνα : |b Προπομπός, |c c2011. | ||
| 300 | |a [271] σ. : |b σχήμα, πίν. εικ. ; |c 24 εκ. | ||
| 500 | |a Μετάφραση του: Marketing du vin / Emmanuelle Rouzet, Gerard Seguin, 2η έκδ. , 2006. | ||
| 650 | 0 | |a Wine industry |x Marketing. | |
| 650 | 0 | |a Wine and wine making |x Marketing. | |
| 700 | 1 | |a Seguin, Gerard. | |
| 700 | 1 | |a Βουγιουκλίδου, Άννα, |d 1957- |e trlf | |
| 852 | |a INST |b LEMNOS |c EUDOXUS |e 20180712 |h 663.2006880 ROU |p 005600002615 |q 005600002615 |t EDX |y 0 | ||
| 852 | |a INST |b LESVOS |e 20231031 |h 338.4 ROU |p 005100065701 |q 005100065701 |t BK |y 0 | ||
| 920 | |a Εύδοξος |b Παραγγελία |y Λήμνος-ΤΕΤΔ |z 2017-05 | ||
| 970 | |a Πανταζή |b Αντωνία |z 12/07/2018 | ||